logo

Bir Sreshtho Munshi Abdur Rouf Library
Jhenaidah Cadet College

The Dark Arena / (Record no. 5942)

MARC details
000 -LEADER
fixed length control field 00558nam a2200217 a 4500
001 - CONTROL NUMBER
JCCL Control Number 5942
003 - CONTROL NUMBER IDENTIFIER
JCCL marc code BD-JhCC
005 - DATE AND TIME OF LATEST TRANSACTION
control field 20220817134023.0
008 - FIXED-LENGTH DATA ELEMENTS--GENERAL INFORMATION
fixed length control field 171231s19531983n |||| || | 000 0 eng d
035 ## - SYSTEM CONTROL NUMBER
system control number (BD-JhCC)5942
040 ## - CATALOGING SOURCE
Original cataloging agency BD-JhCC
Modifying agency BD-JhCC
041 ## - LANGUAGE CODE
Language code of Book eng
082 ## - DEWEY DECIMAL CLASSIFICATION NUMBER
Classification number 813.54
Author mark and Year PUZ 1983
100 ## - MAIN ENTRY--PERSONAL NAME
Personal name Puzo, Mario
245 ## - TITLE STATEMENT
Title The Dark Arena /
Statement of responsibility, etc Mario Puzo,
260 ## - PUBLICATION, DISTRIBUTION, ETC. (IMPRINT)
Place of publication, distribution, etc New York :
Name of publisher, distributor, etc The Random House Publishing Group,
Date of publication, distribution, etc 1983.
300 ## - PHYSICAL DESCRIPTION
Pagination 283 p. :
Dimensions 18 cm.
650 ## - SUBJECT ADDED ENTRY--TOPICAL TERM
Topical term or geographic name as entry element English Fiction
Geographic subdivision Germany
942 ## - ADDED ENTRY ELEMENTS (KOHA)
Source of classification or shelving scheme Dewey Decimal Classification
Koha item type Books
Koha issues (borrowed), all copies 8
Holdings
Source of classification or shelving scheme Damaged status Not for loan Home library Current library Shelving location Date of accession Total Checkouts Full call number Barcode Date last seen Date checked out Copy number Koha item type
Dewey Decimal Classification     JCC Rouf Library JCC Rouf Library General Stacks 12/31/2017 10 813.54 PUZ 1983 8011 12/18/2024 12/11/2024 C - 1 Books

JCC Library | Contacts | JCC Home

Last Update on 23 September 2017
Copyright @ 2017-2020 JCC Rouf Library
Rouf Library, Jhenidah Cadet College (JCC), Bangladesh